Procedencia de la tutela contra providencias judiciales por falta de valoración probatoria : (Registro nro. 33187)

Detalles MARC
000 -CABECERA
Longitud fija campo de control 01064nam a2200253 a 4500
003 - • IDENTIFICADOR DELl NÚMERO DE CONTROL
Identificador del número de control CO-ViMGA
008 - • CÓDIGOS DE INFORMACIÓN DE LONGITUD FIJA
Códigos de información de longitud fija 141112s2004 ck r 000 u spa d
020 ## - • NÚMERO INTERNACIONAL NORMALIZADO PARA LIBROS
Número Internacional Normalizado para Libros (ISBN) 9789586764896
040 ## - FUENTE DE LA CATALOGACIÓN
Centro catalogador de origen CO-ViMGA
Lengua de catalogación spa
Centro transcriptor CO-ViMGA
082 04 - • NÚMERO DE LA CLASIFICACIÓN DECIMAL DEWEY
Número de clasificación (R) 342.066 C15p
100 1# - • PUNTO DE ACCESO PRINCIPAL-NOMBRE DE PERSONA
Nombre de persona Canosa Torrado, Fernando, 1958 -
245 10 - • TITULO PROPIAMENTE DICHO
Título Procedencia de la tutela contra providencias judiciales por falta de valoración probatoria :
Resto del título análisis de su incidencia en la legislación procesal y en el nuevo sistema penal acusatorio /
Mención de responsabilidad, etc. Fernando Canosa Torrado
246 ## - • VARIANTES DE TÍTULO
Título propio / Título en breve La acción de tutela por falta de valoración probatoria
300 ## - • DESCRIPCIÓN FÍSICA
Extensión xviii, 684 p. ; 25 cm
500 ## - • NOTA GENERAL
Nota general Incluye índice de autores y de normas al final del texto
598 ## -
-- NEW - GRAL
650 14 - • PUNTO DE ACCESO ADICIONAL DE MATERIA - TÉRMINO DE MATERIA
Término de materia o nombre geográfico como elemento inicial Acción de tutela - Aspectos constitucionales - Colombia
917 ## -
-- 2010 - 5427 2 ejemplares
942 ## - ENTRADA DE ELEMENTOS AGREGADOS (KOHA)
Fuente de clasificaión o esquema Dewey Decimal Classification
Koha [por defecto] tipo de item LIbro
990 ## - EQUIVALENCIA O SECCIÓN-REFERENCIA [LOCAL, CANADA]
Enlace de información para campos 9XX 2010 - 5427 Ediciones doctrina y ley 2 ejemplares 21 13082010 a728321
Existencias
Perdido Fuente de clasificación o esquema Estado Físico No para préstamo Forma de adquisición Localización permanente Localización actual Fecha adquisición Serie de enumeración / cronolog&íacute;a Préstamos totales Signatura completa Código de barras Fecha última consulta Número de copia Fecha del precio de reemplazo Tipo de item de Koha
  Dewey Decimal Classification     Sala Especializada Tercer Piso Biblioteca Pública Germán Arciniegas - Villavicencio Biblioteca Pública Germán Arciniegas - Villavicencio 12/04/2015 21/oct/2014   342.066 C15p 27229 12/04/2015 Ej. 1 12/04/2015 LIbro









Instituto Departamental de Cultura del Meta - Red Departamental de Bibliotecas Públicas del Meta.